00610nam a2200169 a 4500008004100000020001500041050001500056100001900071245002800090250001200118260003700130300002100167350000900188995009600197999001700293952013000310120416s0000 ||||||||||||||||| || u a0748743715 aTC 176 Pri aPrice, Michael10aIntroducing groundwater a2nd ed. aCheltenhambNelson Thornesc1996 axv, 278p. : ill. a0.00 D0.00FCBU-MAIN LIBRARY (Kitwe)H1I19.90M1UAVAILABLEZMain Library Open Access Collection c47567d47567 00102lcc4070a001b001cMain Library Open Access Collectiond2022-11-30l0oTC 176 Prip48582r2022-11-30w2022-11-30y002